Оценка радиационной стойкости фторопласта по физико-механическим характеристикам; Физико-технические проблемы в науке, промышленности и медицине

מידע ביבליוגרפי
Parent link:Физико-технические проблемы в науке, промышленности и медицине.— 2016.— [С. 76-77]
מחבר תאגידי: Национальный исследовательский Томский политехнический университет (ТПУ)
מחברים אחרים: Клюкин Н. М., Кузнецов Е. В., Соболев В. К., Бородай А. Ю., Таракаенко П. В.
סיכום:Заглавие с экрана
שפה:רוסית
יצא לאור: 2016
סדרה:Инновационные материалы и технологии в ядерной и "зеленой" энергетике
נושאים:
גישה מקוונת:http://earchive.tpu.ru/handle/11683/31203
פורמט: MixedMaterials אלקטרוני Book Chapter
KOHA link:https://koha.lib.tpu.ru/cgi-bin/koha/opac-detail.pl?biblionumber=619165

MARC

LEADER 00000naa2a2200000 4500
001 619165
005 20231101133040.0
035 |a (RuTPU)RU\TPU\conf\17569 
035 |a RU\TPU\conf\17562 
090 |a 619165 
100 |a 20160810d2016 k y0rusy50 ca 
101 0 |a rus 
102 |a RU 
105 |a y z 101zy 
135 |a drgn ---uucaa 
181 0 |a i  
182 0 |a b 
200 1 |a Оценка радиационной стойкости фторопласта по физико-механическим характеристикам  |f Н. М. Клюкин [и др.] 
203 |a Текст  |c электронный 
225 1 |a Инновационные материалы и технологии в ядерной и "зеленой" энергетике 
230 |a 1 компьютерный файл (pdf; 716 Кb) 
300 |a Заглавие с экрана 
320 |a [Библиогр.: с. 77 (2 назв.)] 
463 0 |0 (RuTPU)RU\TPU\conf\17455  |t Физико-технические проблемы в науке, промышленности и медицине  |o сборник тезисов докладов VIII Международной научно-практической конференции, г. Томск, 1-3 июня 2016 г.  |f Национальный исследовательский Томский политехнический университет (ТПУ) ; под ред. О. Ю. Долматова [и др.]  |v [С. 76-77]  |d 2016 
610 1 |a труды учёных ТПУ 
610 1 |a электронный ресурс 
610 1 |a радиационная стойкость 
610 1 |a фторопласты 
610 1 |a физико-механические характеристики 
610 1 |a диэлектрические характеристики 
701 1 |a Клюкин  |b Н. М. 
701 1 |a Кузнецов  |b Е. В. 
701 1 |a Соболев  |b В. К. 
701 1 |a Бородай  |b А. Ю. 
701 1 |a Таракаенко  |b П. В. 
712 0 2 |a Национальный исследовательский Томский политехнический университет (ТПУ)  |c (2009- )  |2 stltpush  |3 (RuTPU)RU\TPU\col\15902 
801 2 |a RU  |b 63413507  |c 20160826  |g RCR 
856 4 |u http://earchive.tpu.ru/handle/11683/31203 
942 |c BK